| 000 | 00714nam a2200205Ia 4500 | ||
|---|---|---|---|
| 003 | GCL | ||
| 008 | 140319s9999 xx 000 0 ara d | ||
| 040 |
_aGCL / _cGCL |
||
| 082 | 0 | 4 |
_a414.5 _bم ب |
| 100 | 1 | _aمصطفى السعدنى | |
| 245 | 1 | 0 |
_aالبناء اللفظى فى لزوميات المعرى, دراسة نقدية تحليلية بلاغية / _cمصطفى السعدنى |
| 260 |
_a[S.N] : _bمنشاة المعارف الاسلامية ، _c1985 |
||
| 300 | _a284 ص | ||
| 490 |
_aكتب الادب والنقد _v0 |
||
| 650 | 0 | 4 | _aالاسلوب الادبى |
| 650 | 0 | 4 | _aاللغة العربية |
| 650 | 0 | 4 | _aالبلاغة |
| 650 | 0 | 4 | _aالوصف الادبى |
| 942 |
_2ddc _cBK |
||
| 999 |
_c32554 _d32554 |
||